Statistiques concernant Générique Bob le bricoleur - Paroles

Cliquez ici pour prendre le quiz!

Statistiques générales

  • Ce quiz a été pris 50 fois
  • Le résultat moyen est 20 sur 32

Statistiques - réponses

Paroles% Correct
Le {bricoleur}
95%
Le {bricoleur}
93%
Oui on {peut}
91%
Peut-on le {faire} ?
91%
Il s'appelle {Bob}
86%
Le {bricoleur}
86%
Le {bricoleur}
84%
Et oui, c'est bien {lui}
82%
Oui on {peut}
82%
Peut-on le {faire} ?
82%
C'est l'ami {Bob}
73%
Le {bricoleur}
66%
Oui on {peut}
64%
Peut-on le {faire} ?
64%
Peut-on le {faire} ?
64%
Le {bricoleur}
61%
{Oui}
61%
{Oui}
61%
Peut-on le {faire} ?
61%
S'amusent si {bien}
61%
Avec toute sa {bande}
59%
Il répond {présent}
55%
En ville ou dans les {champs}
52%
Ou à {réparer}
50%
Bob et sa {bande}
45%
Il est {partout}
43%
Le {travail} n'attends pas
43%
Tout en {travaillant}
41%
Prêt à {creuser}
39%
Construire et {réparer}
36%
Tout doit être {parfait}
36%
Ne {traînons} pas
18%

Distribution des résultats

Percentile par nombre de réponses

% des personnes avec chaque résultat

Votre développement - résultats

Vous n’avez pas pris ce quiz